Triều Nguyễn đối với tín ngưỡng dân gian nửa đầu thế kỉ XIX
Tổng quan về triều Nguyễn, tín ngưỡng và tình hình tín ngưỡng dân gian trước thế kỉ XIX. Tín ngưỡng dân gian triều Nguyễn nửa đầu thế kỉ XIX
Wedi'i Gadw mewn:
| Prif Awdur: | |
|---|---|
| Awduron Eraill: | |
| Fformat: | Llyfr |
| Iaith: | Vietnamese |
| Cyhoeddwyd: |
Đà Nẵng
Đại học Sư phạm, Đại học Đà Nẵng
2013
|
| Pynciau: | |
| Tagiau: |
Ychwanegu Tag
Dim Tagiau, Byddwch y cyntaf i dagio'r cofnod hwn!
|
| Thư viện lưu trữ: | Mạng thư viện Đại học Đà Nẵng |
|---|
| LEADER | 01699nam a2200373 4500 | ||
|---|---|---|---|
| 001 | 000019061 | ||
| 003 | 15496 | ||
| 005 | 20140318090358.0 | ||
| 008 | 140305s2013 viesd | ||
| 041 | |a vie | ||
| 072 | |a LS | ||
| 082 | 1 | 4 | |a 959.7029 |b HÔ-Q |
| 100 | 1 | |a Hồ Thị Quyên | |
| 245 | 1 | 0 | |a Triều Nguyễn đối với tín ngưỡng dân gian nửa đầu thế kỉ XIX |c Hồ Thị Quyên ; Nguyễn Xuyên hướng dẫn |k Khóa luận tốt nghiệp |
| 260 | |a Đà Nẵng |b Đại học Sư phạm, Đại học Đà Nẵng |c 2013 | ||
| 300 | |a 56 tr. |b Hình mh. |c 29 cm. | ||
| 500 | |a Khóa luận tốt nghiệp đại học. Chuyên ngành: Sư phạm Lịch sử | ||
| 520 | |a Tổng quan về triều Nguyễn, tín ngưỡng và tình hình tín ngưỡng dân gian trước thế kỉ XIX. Tín ngưỡng dân gian triều Nguyễn nửa đầu thế kỉ XIX | ||
| 650 | 0 | 4 | |a Tín ngưỡng dân gian |v Khóa luận tốt nghiệp |x Triều Nguyễn |y Nửa đầu thế kỉ XIX |z Việt Nam |
| 653 | |a Chế độ phong kiến Việt Nam | ||
| 653 | |a Khoa Lịch sử | ||
| 653 | |a Tín ngưỡng dân gian | ||
| 653 | |a Triều Nguyễn | ||
| 700 | 1 | |a Nguyễn Xuyên |e Hướng dẫn | |
| OWN | |a LSP | ||
| AVA | |a UDN50 |b LSP |d 959.7029 HÔ-Q |e available |t Error 5001 Not defined in file expand_doc_bib_avail. |f 1 |g 0 |h N |i 0 |k 1 | ||
| 999 | |a From the UDN01 | ||
| AVA | |a UDN50 |b LSP |d 959.7029 HÔ-Q |e available |t Error 5001 Not defined in file expand_doc_bib_avail. |f 1 |g 0 |h N |i 0 |k 1 | ||
| TYP | |a Monograph | ||
| TYP | |a Printed language | ||
| 980 | |a Mạng thư viện Đại học Đà Nẵng | ||